000 00629nam a2200229Ia 4500
003 OSt
005 20220923213309.0
006 a|||||r|||| 00| 0
007 ta
008 220922b |||||||| |||| 00| 0 hin d
024 _a160,525
037 _cTextual
040 _aARTS
_cARTS
_bhin
041 _2hin
_ahin
082 _aO152:1F70:11, J5.3;5
100 _aचन्दबरदाई
245 0 _aपृथ्वीराज रासो
246 _aPṛuthvīrāj rāso
260 _c1955
942 _hO152:1F70:11, J5.3;5
_cTEXL
_2CC
999 _c315272
_d315272